Absolventi vysokých škôl - zdroj ekonomického rastu apoločnosti

Množstvo úspešných spoločností profituje zo zamestnávania mladých talentov. Najväčšie výhody zo zamestnávania čerstvých absolventov. Riziko rýchlej fluktuácie a ako mu zamedziť.

Salvato in:
Dettagli Bibliografici
Autore principale: Bielik, Rastislav
Natura: Capitolo di libro
Lingua:slovacco
Soggetti:
Tags: Aggiungi Tag
Nessun Tag, puoi essere il primo ad aggiungerne!!

MARC

LEADER 00000naa$a2200000$$$4500
001 0043507
005 20240502071519.9
041 0 |a slo 
044 |a SK 
245 1 0 |a Absolventi vysokých škôl - zdroj ekonomického rastu apoločnosti  |c Rastislav Bielik 
520 |a Množstvo úspešných spoločností profituje zo zamestnávania mladých talentov. Najväčšie výhody zo zamestnávania čerstvých absolventov. Riziko rýchlej fluktuácie a ako mu zamedziť. 
610 2 0 |a školy vysoké 
610 2 0 |a absolventi 
610 2 0 |a zamestnanie 
610 2 0 |a zamestnávatelia 
100 1 |a Bielik, Rastislav